[Event "Hamburg-chT Landesliga 1415"]
[Site "Hamburg"]
[Date "2015.04.19"]
[Round "9.8"]
[White "Emami, Madjid"]
[Black "Von Tippelskirch, Peer"]
[Result "1-0"]
[WhiteElo "1997"]
[BlackElo "1714"]
[PlyCount "87"]
[EventDate "2014.09.21"]
[EventType "team-tourn"]
[EventRounds "9"]
[EventCountry "GER"]
[SourceTitle "EXT 2022"]
[Source "ChessBase"]
[SourceDate "2021.10.06"]
[SourceVersion "1"]
[SourceVersionDate "2021.10.06"]
[SourceQuality "1"]
[WhiteTeam "Hamburger SK IV"]
[BlackTeam "Hamburg Weisse Dame"]
[WhiteTeamCountry "GER"]
[BlackTeamCountry "GER"]

1. Nf3 Nf6 2. g3 g6 3. Bg2 Bg7 4. 0-0 0-0 5. d3 d6 6. Nbd2 e5 7. c4 a5 8. Rb1 Na6 9. a3 Nc5 10. b4 axb4 11. axb4 Ne6 12. Qc2 Bd7 13. Nb3 Ra4 14. Bd2 Qe7 15. Ra1 Rfa8 16. Rxa4 Rxa4 17. Ra1 Qe8 18. Rxa4 Bxa4 19. Qa2 Bxb3 20. Qxb3 Qa8 21. h3 e4 22. dxe4 Nxe4 23. Be3 Nc3 24. Qc2 Qa3 25. b5 Qb4 26. Qd3 Qb2 27. Bf1 Na4 28. Ng5 Nac5 29. Qd5 Nxg5 30. Bxg5 Qd4 31. Bg2 b6 32. Qa8+ Bf8 33. Bh6 Ne6 34. Bd5 Qf6 35. Bxe6 fxe6 36. Qc8 d5 37. cxd5 exd5 38. Bxf8 Qxf8 39. Qxc7 Qf6 40. Qc6 Qd4 41. e3 Qd1+ 42. Kg2 d4 43. Qd5+ Kf8 44. exd4 1-0

[Event "Norderstedt op"]
[Site "Norderstedt"]
[Date "2013.04.01"]
[Round "9"]
[White "Retzlaff, Wolfgang"]
[Black "Von Tippelskirch, Peer"]
[Result "1/2-1/2"]
[WhiteElo "1755"]
[BlackElo "1566"]
[PlyCount "92"]
[EventDate "2013.03.28"]
[EventType "swiss"]
[EventRounds "9"]
[EventCountry "GER"]
[SourceTitle "EXT 2015"]
[Source "ChessBase"]
[SourceDate "2014.11.20"]
[SourceVersion "1"]
[SourceVersionDate "2014.11.20"]
[SourceQuality "1"]

1. c4 Nf6 2. Nf3 g6 3. d4 Bg7 4. Nc3 0-0 5. e4 d6 6. h3 e5 7. d5 a5 8. a4 Na6 9. Be3 Nh5 10. g4 Nf4 11. Qd2 f5 12. exf5 gxf5 13. g5 Ng6 14. Qd1 e4 15. Rg1 exf3 16. Qxf3 Nb4 17. 0-0-0 Ne5 18. Qf4 Ng6 19. Qh2 f4 20. Bd4 Ne5 21. Bxe5 Bxe5 22. f3 Bf5 23. h4 Qd7 24. Nb5 c6 25. dxc6 bxc6 26. Nc3 d5 27. h5 Qg7 28. h6 Qg6 29. Rd2 Rab8 30. Kd1 Nd3 31. cxd5 cxd5 32. Nxd5 Rfe8 33. Nf6+ Kf7 34. Nxe8 Kxe8 35. Rdg2 Qa6 36. Qh5+ Bg6 37. Bxd3 Bxh5 38. Bxa6 Bxf3+ 39. Kc1 Bxg2 40. Rxg2 Rb6 41. Bb5+ Kf7 42. Re2 Bd4 43. Kd1 Kg6 44. Rd2 Rd6 45. Bd3+ Kxg5 46. Bxh7 Be5 1/2-1/2

[Event "Norderstedt op"]
[Site "Norderstedt"]
[Date "2013.03.30"]
[Round "4"]
[White "Marzec, Witold"]
[Black "Von Tippelskirch, Peer"]
[Result "1-0"]
[WhiteElo "1804"]
[BlackElo "1566"]
[PlyCount "51"]
[EventDate "2013.03.28"]
[EventType "swiss"]
[EventRounds "9"]
[EventCountry "GER"]
[SourceTitle "EXT 2015"]
[Source "ChessBase"]
[SourceDate "2014.11.20"]
[SourceVersion "1"]
[SourceVersionDate "2014.11.20"]
[SourceQuality "1"]

1. d4 Nf6 2. c4 g6 3. Nc3 Bg7 4. e4 d6 5. f3 e5 6. d5 0-0 7. Be3 a5 8. a3 Bd7 9. Bd3 Nh5 10. Nge2 f5 11. exf5 gxf5 12. Qc2 Bh8 13. 0-0-0 Rf7 14. g3 Na6 15. Rhg1 Qf6 16. g4 Ng7 17. gxf5 Bxf5 18. Ne4 Qe7 19. Ng5 Bxd3 20. Qxd3 Rf5 21. Qe4 Qf6 22. Ne6 b6 23. Ng3 Rxf3 24. Nh5 Qf5 25. Qxf5 Rxf5 26. Nhxg7 1-0